[Event "5th Nebesna Sotnya Blitz 2018"]
[Site "Lutsk"]
[Date "2018.02.16"]
[Round "1"]
[White "Bogdanovich, Stanislav"]
[Black "Bashmakov, Denys"]
[Result "1-0"]
[WhiteElo "2560"]
[BlackElo "1543"]
[Annotator "TA"]
[PlyCount "63"]
[EventDate "2018.??.??"]
[EventType "swiss"]
[EventCountry "UKR"]
[SourceTitle "playchess.com"]
[Source "ChessBase"]
[SourceQuality "1"]

{[%evp 9,63,35,30,32,41,29,25,24,23,20,46,66,77,89,73,20,21,23,21,16,29,11,12,10,79,0,0,0,0,-15,-12,-26,395,395,395,400,396,400,486,488,516,525,528,502,529,505,551,533,674,676,680,680,665,639,29992,29993]} 1. e4 e6 2. d4 d5 3. Bd3 Nf6 4. e5 Nfd7 5. Be3 (5. c3 c5 6. Nf3 Nc6 7. O-O Qb6 8. Bc2 Be7 9. a3 a5 10. Re1 f6 11. exf6 Nxf6 12. Qd3 Bd7 13. Nbd2 cxd4 14. cxd4 O-O 15. b3 Rac8 {1-0 (57) Onischuk,V (2623)-Krishna,C (2380) Bastia 2017}) 5... c5 6. c3 {C01: French: Exchange Variation} Nc6 7. Nf3 Be7 8. O-O {White has an edge.} O-O 9. Nbd2 cxd4 10. cxd4 f6 11. exf6 $146 ({Predecessor:} 11. Bf4 fxe5 12. Bxe5 Ndxe5 13. dxe5 Bd7 14. Nb3 Rc8 15. Rc1 {1-0 (33) Eremin,B (1763)-Galaev,A (1677) Uljanovsk 2009}) 11... Bxf6 12. Nb3 (12. Rc1 $16) 12... e5 $11 13. dxe5 Ndxe5 14. Nxe5 Nxe5 15. Be2 Nc4 16. Bd4 $36 {[%mdl 2048] White is pushing.} Be6 (16... Nxb2 $11 17. Bxf6 Nxd1 18. Bxd8 Nc3) 17. Bg4 ({White should play} 17. Nc5 $16 Qd6 18. Nxb7 (18. Nxe6 Qxe6 19. Re1 Qd6 $14)) 17... Bxg4 18. Qxg4 Nxb2 19. Rac1 Nd3 20. Rcd1 Ne5 $2 {[%mdl 8192] [#]} (20... Bxd4 $11 21. Nxd4 Nf4) 21. Bxe5 $1 $18 Bxe5 22. Qe6+ Kh8 23. Qxe5 a5 24. Rxd5 Qb6 25. Rxa5 Rae8 26. Qd4 Qg6 27. Re5 Rd8 28. Qe4 Qb6 29. Nc5 Rd2 30. Re8 {[%cal Re8f8] [#]} Qxc5 31. Qe3 {Threatens to win with Re1.} Rdxf2 32. Rxf2 {Precision: White = 49%, Black = 43%.} (32. Qxc5 $2 {is a self mate.} Rxf1#) 1-0

[Event "5th Nebesna Sotnya Blitz 2018"]
[Site "Lutsk"]
[Date "2018.02.16"]
[Round "1"]
[White "Golubka, Petro"]
[Black "Vakulenko, Aleksandr"]
[Result "1-0"]
[WhiteElo "2503"]
[BlackElo "1770"]
[Annotator "TA"]
[PlyCount "78"]
[EventDate "2018.??.??"]
[EventType "swiss"]
[EventCountry "UKR"]
[SourceTitle "playchess.com"]
[Source "ChessBase"]
[SourceQuality "1"]

{[%evp 21,78,20,22,0,5,-79,16,0,0,-61,-60,-70,-30,-33,-35,-26,-12,-144,-144,-143,-143,-175,-175,-173,-172,-175,-142,-168,-72,-180,-178,-216,-215,-238,-208,-256,-237,-216,-150,-155,-143,-176,-29,-217,-50,-51,-46,-60,-63,-128,-114,-245,-245,-245,-245,-241,-242,-239,-66]} 1. d4 f5 2. g3 Nf6 3. Bg2 g6 4. c4 Bg7 5. Nc3 d6 6. Nf3 O-O 7. O-O Qe8 8. d5 a5 9. Nd4 Na6 10. b3 Nc5 {A87: Dutch Defence: Leningrad System: 5 Nf3} (10... Bd7 11. Rb1 Nc5 12. Ba3 Nfe4 13. Nxe4 Nxe4 14. Qd3 c5 15. Ne6 Bxe6 16. dxe6 Qc8 17. Bxe4 fxe4 18. Qxe4 Rb8 19. Bb2 Bxb2 20. Rxb2 {½-½ (63) Zhou,W (2606)-Le,Q (2726) China 2017}) 11. Bb2 Bd7 {LiveBook: 24 Games} 12. Ncb5 Rc8 $146 {The position is equal.} ({Predecessor:} 12... Qc8 13. Rc1 c6 14. Nc3 Qc7 15. a3 Nfe4 16. b4 axb4 17. axb4 Nxc3 18. Bxc3 Ne4 19. Bxe4 fxe4 {0-1 (47) Tan,Z-Muzychuk,A (2252) Heraklio 2002}) 13. Bc3 (13. Rc1 $11) 13... b6 (13... c6 $1 $17 {[%cal Rc6b5]} 14. Na3 Nce4 15. Bxa5 Ng4) 14. Na7 Ra8 15. Nac6 (15. Nab5 $11 Nfe4 16. Rc1) 15... Nfe4 16. Bb2 e5 (16... Bxc6 $5 17. f3 Nxg3 $1 {[%mdl 512]} 18. hxg3 Bb7 $17) 17. Nb5 $1 {[%cal Rb5c7]} Bxc6 18. dxc6 Qxc6 19. a3 (19. Ba3 $1 $11) 19... a4 $1 $36 {[%mdl 2048] Keeping White busy.} 20. b4 Nb3 21. Qd5+ Qxd5 22. cxd5 Nxa1 23. Rxa1 Rf7 24. Rc1 Raf8 (24... Nf6 $19 {has better winning chances.} 25. Rc6 Ne8) 25. e3 (25. Rc6 $17 {is the only way for White.}) 25... Nf6 $19 26. Rd1 g5 27. Bh3 Ne8 28. Bc1 Kh8 29. Bd2 f4 30. Be6 Rf6 31. g4 {[#]} h6 ({Black should try} 31... c6 $1 $19 {[%cal Rc6b5]} 32. Nc3 (32. dxc6 Rxe6) 32... Nc7) 32. h3 $2 {[#]} (32. Rc1 $1 $11 {and White has nothing to worry.}) 32... fxe3 $2 (32... c6 $1 $19 33. Nc3 (33. dxc6 Rxe6) 33... Nc7) 33. Bxe3 $15 Rf3 34. Kg2 e4 35. Rd2 (35. Nd4 $15) 35... Be5 $17 36. Bf5 (36. Re2 $17) 36... R3xf5 {Black is clearly better.} 37. gxf5 Rxf5 38. Rc2 Rf7 39. Rc4 Bf4 $2 {[%mdl 32768] Precision: White = 18%, Black = 38%. . Loss on Time!?} (39... Kg7 $19 40. Bc1 Kg6) 1-0

[Event "5th Nebesna Sotnya Blitz 2018"]
[Site "Lutsk"]
[Date "2018.02.16"]
[Round "1"]
[White "Razin, Vadim"]
[Black "Melnychuk, Yuriy"]
[Result "1-0"]
[WhiteElo "2379"]
[BlackElo "1811"]
[Annotator "TA"]
[PlyCount "95"]
[EventDate "2018.??.??"]
[EventType "swiss"]
[EventCountry "UKR"]
[SourceTitle "playchess.com"]
[Source "ChessBase"]
[SourceQuality "1"]

{[%evp 13,95,18,35,-10,0,-3,16,-26,-8,-16,-10,-27,-21,-37,-20,-43,-26,-32,-22,-27,9,-7,38,-3,35,26,15,15,16,23,26,0,7,3,4,0,18,9,9,-20,38,38,38,38,38,38,50,50,76,88,120,127,130,130,130,130,130,130,130,130,130,130,130,130,130,130,130,130,130,130,130,130,130,130,130,130,164,189,543,540,525,527,1682,1588]} 1. d4 d6 2. Nf3 Nf6 3. Nc3 Nbd7 4. e4 e5 5. Be2 Be7 6. O-O O-O 7. Re1 c6 {LiveBook: 53 Games} 8. Bg5 {C41: Philidor Defence} (8. Bf1 a6 9. a3 b5 10. h3 Bb7 11. Bg5 Ne8 12. Bxe7 Qxe7 13. Ne2 c5 14. dxe5 Nxe5 15. Ng3 g6 16. Nh2 Qh4 17. Ng4 Nxg4 18. Qxg4 Qxg4 19. hxg4 {0-1 (65) Korley,K (2387)-Escobar Forero,A (2482) Charlotte 2018}) 8... Re8 9. Bf1 Qc7 10. Qd2 {The position is equal.} b6 $146 {[%cal Bb7b6,Bb6b5][%mdl 32]} ({Predecessor:} 10... h6 11. Bh4 Nf8 12. h3 g5 13. dxe5 dxe5 14. Bxg5 hxg5 15. Qxg5+ Ng6 {0-1 (27) Molina,R (2353)-Limberg,E (2255) Santos 2007}) 11. Rad1 a6 12. Qc1 Bb7 13. g3 b5 14. a3 {[%cal Ba2a3,Ba3a4][%mdl 32]} Rad8 15. Bg2 Bf8 16. d5 c5 17. Bh3 Bc8 18. Bg2 g6 19. a4 b4 20. Nb1 {[%cal Bc3b1,Bb1d2,Bd2f1,Bf1e3,Be3c4][%mdl 32]} Bg7 21. b3 a5 22. Nbd2 Ba6 23. Bf1 Bxf1 24. Nxf1 Nb6 25. N3d2 Rc8 26. Ne3 h6 (26... Nfd7 $1 $11) 27. Bxf6 $1 $14 Bxf6 28. h4 {[%cal Bh2h4,Bh4h5][%mdl 32]} Bg7 29. Ndc4 Nxc4 30. Nxc4 Rf8 31. h5 g5 32. Ne3 Kh7 33. Qd2 Rcd8 34. Qe2 Qd7 35. Kg2 {[%cal Bg1g2,Bg2f1,Bf1e2][%mdl 32]} Ra8 36. Qf3 Rfd8 37. Nc4 Ra7 38. Rh1 Rf8 39. Ne3 Rd8 40. Kf1 Qe7 41. Ke2 Qf6 42. Qxf6 Bxf6 43. Rdf1 Bg7 44. Nc4 Bf8 45. f4 f6 $2 {[#]} (45... exf4 {is tougher.} 46. gxf4 Be7 47. fxg5 Bxg5) 46. fxe5 {White is clearly winning.} fxe5 47. Rf6 Rdd7 48. Rxf8 {Precision: White = 65%, Black = 27%.} 1-0

[Event "5th Nebesna Sotnya Blitz 2018"]
[Site "Lutsk"]
[Date "2018.02.16"]
[Round "1"]
[White "Movchan, Vladimir"]
[Black "Simantsev, Mikhail"]
[Result "0-1"]
[WhiteElo "1821"]
[BlackElo "2486"]
[Annotator "TA"]
[PlyCount "56"]
[EventDate "2018.??.??"]
[EventType "swiss"]
[EventCountry "UKR"]
[SourceTitle "playchess.com"]
[Source "ChessBase"]
[SourceQuality "1"]

{[%evp 9,56,7,35,-8,43,-28,-24,-12,-12,-43,-30,-98,-35,-153,-147,-197,-158,-547,-502,-490,-500,-500,-482,-495,-495,-488,-491,-658,-651,-641,-659,-614,-626,-700,-670,-658,-659,-765,-704,-769,-760,-856,-837,-997,-989,-1062,-886,-991,-986]} 1. d4 Nf6 2. c4 e6 3. Nc3 c5 4. d5 d6 5. dxe6 (5. e4 g6 6. Nf3 Bg7 7. Bd3 exd5 8. exd5 O-O 9. O-O Bg4 10. h3 Bxf3 11. Qxf3 Nfd7 12. Qd1 Re8 13. Bd2 Na6 14. a3 Qh4 15. Qg4 Qxg4 16. hxg4 Nc7 17. Rfe1 h6 18. Rxe8+ Nxe8 19. g3 Nef6 {½-½ (46) Ding,L (2777)-So,W (2810) Tbilisi 2017}) 5... Bxe6 6. b3 {A60: Modern Benoni: Early Divergences} Nc6 (6... g6 $11) 7. Nf3 ({Better is} 7. e4 $14) 7... d5 $11 8. cxd5 {Black has an edge.} Nxd5 9. Nxd5 $146 ({Predecessor:} 9. Bb2 Qa5 10. Qd2 O-O-O 11. Nxd5 Qxd2+ 12. Nxd2 Bxd5 {1-0 (38) Cori Tello,D (2389)-Melia,S (2404) Riadh 2017}) 9... Bxd5 10. e3 (10. Bg5 $11 Be7 11. Bxe7 Kxe7 12. Rc1) 10... Be7 (10... Qf6 $17 11. Bd2 Rd8) 11. Be2 (11. Bd2 $15) 11... Bf6 $17 12. Rb1 Be4 $36 {[%mdl 2048] Keeping White busy.} 13. Ba3 $2 {[#]} (13. Bd2 $17 {is more resistant.}) 13... Bxb1 {Black is clearly winning.} 14. Qxb1 Qa5+ 15. Nd2 Qxa3 16. O-O O-O 17. Nc4 Qa6 18. Qc2 Nb4 19. Qf5 Qxa2 20. Bf3 Qxb3 21. Nd2 Qe6 22. Qxc5 Nc6 23. Ne4 Be7 24. Qh5 Ne5 25. Be2 Rfd8 26. h3 a5 27. Rc1 Rac8 28. Rb1 b6 0-1

[Event "5th Nebesna Sotnya Blitz 2018"]
[Site "Lutsk"]
[Date "2018.02.16"]
[Round "1"]
[White "Tymkiv, Vasyl"]
[Black "Bortnyk, Mykola"]
[Result "0-1"]
[WhiteElo "1797"]
[BlackElo "2432"]
[Annotator "TA"]
[PlyCount "96"]
[EventDate "2018.??.??"]
[EventType "swiss"]
[EventCountry "UKR"]
[SourceTitle "playchess.com"]
[Source "ChessBase"]
[SourceQuality "1"]

{[%evp 9,95,-12,12,0,0,-5,0,-27,-17,-24,-18,-26,0,-20,0,-38,-35,-50,-41,-36,-33,-12,0,-16,-24,-15,-15,-18,-16,-20,-24,-24,25,-34,0,-70,-66,-64,-54,-187,-114,-112,-112,-143,-134,-153,-104,-167,-129,-129,-123,-132,-120,-204,-202,-200,-200,-174,-142,-491,-490,-635,-629,-704,-704,-601,-497,-665,-663,-845,-847,-5273,-2529,-6195,-6170,-5314,-5306,-29982,-29981,-29983,-29983,-29994,-29995,-29996,-29997,-29998,-29999,-29999]} 1. a3 e5 2. d4 exd4 3. Qxd4 Nc6 4. Qd3 Nf6 5. Nc3 Be7 6. Nf3 {A00: Irregular Openings} O-O 7. h3 $146 ({Find the theoretical novelty and annotate with similar games:} 7. Bf4 d6 8. e3 Bg4 9. Be2 Nh5 10. Bg3 Qd7 11. Nd5 {0-1 (48) Nemety,L (2095)-Koziak,V (2467) Sautron 2010}) 7... d5 8. Bg5 {The position is equal.} h6 9. Bh4 Be6 10. e3 Re8 11. Be2 Qd7 12. O-O Rad8 13. Rad1 a6 14. Rfe1 Bf5 15. Qd2 Qc8 16. Nd4 Nxd4 17. exd4 Ne4 $36 {[%mdl 2048] Black has good play.} 18. Nxe4 Bxh4 19. Ng3 Be6 20. c3 Re7 21. Nf1 (21. Nh5 $11) 21... Rde8 22. Ne3 (22. g3 $11 Bg5 23. f4) 22... c6 23. Qc2 Bd7 24. b4 {[#]} ({White should play} 24. Bd3 $15) 24... Bxf2+ $1 {[%mdl 512]} 25. Kxf2 $17 {Black must now prevent Bg4.} Rxe3 26. Bf3 Bf5 27. Qd2 Rd3 28. Qb2 (28. Rxe8+ $17 {was necessary.} Qxe8 29. Qf4 Rxd1 30. Bxd1) 28... Rxd1 29. Rxe8+ Qxe8 {[%csl Gd1][%cal Re8e1]} 30. Bxd1 Qe4 {...Qh4+ is the strong threat.} 31. Qe2 (31. Qd2 $17 {is a better defense.}) 31... Qf4+ $19 32. Qf3 Qd2+ 33. Be2 Be4 34. Qg4 $2 {[%mdl 8192]} (34. Qe3 $17 Qb2 {[#]} 35. c4 $1 {[%mdl 512]}) 34... Qxc3 35. Bf3 {intending Qc8+.} Qxd4+ 36. Kg3 Qe5+ 37. Kf2 Bxf3 38. Qc8+ Kh7 39. gxf3 {[%mdl 4096] Endgame KQ-KQ} d4 40. Qxb7 d3 41. Qxc6 Qe2+ 42. Kg3 d2 {( -> ...Qe5+)} 43. Qc2+ g6 {Black mates.} 44. Qc7 Qe1+ 45. Kg4 Qe6+ 46. Kf4 d1=Q 47. h4 Qf5+ 48. Ke3 Qfxf3# {Precision: White = 28%, Black = 66%.} 0-1

[Event "5th Nebesna Sotnya Blitz 2018"]
[Site "Lutsk"]
[Date "2018.02.16"]
[Round "1"]
[White "Ivanytska, Iryna"]
[Black "Bernadskiy, Vitaliy"]
[Result "0-1"]
[WhiteElo "1788"]
[BlackElo "2588"]
[Annotator "TA"]
[PlyCount "62"]
[EventDate "2018.??.??"]
[EventType "swiss"]
[EventCountry "UKR"]
[SourceTitle "playchess.com"]
[Source "ChessBase"]
[SourceQuality "1"]

{[%evp 15,62,-17,0,6,48,-32,-21,-56,-46,-73,-77,-131,-125,-229,-225,-208,-178,-328,-284,-300,-190,-368,-352,-400,-261,-321,-255,-345,-343,-330,-110,-129,-123,-591,-481,-631,-626,-684,-700,-1363,-1354,-1371,-1354,-5489,-5489,-5457,-1385,-29987,-29989]} 1. e4 c5 2. Nf3 d6 3. d4 cxd4 4. Nxd4 Nf6 5. Nc3 Nc6 6. Be3 Ng4 7. Qd2 Nxe3 8. Qxe3 e6 9. O-O-O {B56: Classical Sicilian: Unusual Lines} Be7 10. Bb5 (10. Ndb5 $1 $14) (10. Kb1 O-O 11. f4 Qb6 12. Qd2 a6 13. Nb3 Qc7 14. g4 b5 15. g5 b4 16. Ne2 Rd8 {0-1 (52) Korneev,O (2594)-Sasikiran,K (2652) Corsica 2005}) 10... Bd7 11. Be2 $146 {The position is equal.} ({Predecessor:} 11. Bxc6 bxc6 12. e5 Qc7 13. Qg3 dxe5 14. Qxg7 O-O-O 15. Nf3 Rhg8 16. Qxf7 Bb4 17. Qxh7 Bxc3 18. bxc3 Rxg2 {1-0 (29) Van Asseldonk,P (2099)-Baum,B (2204) Marianske Lazne 2008}) 11... a6 {[%cal Ba7a6,Ba6a5,Ba5a4][%mdl 32]} 12. Qg3 O-O 13. Nb3 (13. f4 $142) 13... b5 $17 {[%cal Bb7b5,Bb5b4][%mdl 32]} 14. f4 (14. a3 $17) 14... b4 $19 15. Nb1 a5 16. Bd3 (16. a4 $142) 16... a4 17. N3d2 b3 18. a3 $2 (18. axb3 {is a better defense.} e5 19. h4) 18... bxc2 19. Bxc2 Nd4 {[%cal Rd4e2]} 20. Nc3 Rc8 21. Qe3 Qb6 22. Rhe1 {[#]} Rc6 $2 $40 {[%mdl 128] Black goes for the king.} (22... Rxc3 $1 $19 {[%mdl 512]} 23. Qxc3 (23. bxc3 Rb8) 23... Nxc2 24. Qxc2 Rc8) 23. Nf3 $17 Nxc2 24. Kxc2 $2 {[%mdl 8192]} (24. Qxb6 $17 {was the crucial defense.} Rxb6 25. Kxc2) 24... Qb3+ 25. Kb1 {With the idea Nd4.} Rb8 $1 {[%csl Gb8,LRa3,LRb2,LRc3][%cal Rb3b2]} 26. Nxa4 Qxa4 27. Nd4 Rcb6 28. Rd2 d5 29. exd5 Bxa3 30. Ree2 {[#]} Bc5 (30... Rxb2+ $142 $1 {[%mdl 512]} 31. Rxb2 Qd1+ 32. Qc1 Qd3+ 33. Ka1 Bxb2+ 34. Rxb2 Qxd4) 31. dxe6 Bxe6 {Precision: White = 15%, Black = 49%.} 0-1

[Event "5th Nebesna Sotnya Blitz 2018"]
[Site "Lutsk"]
[Date "2018.02.16"]
[Round "1"]
[White "Ivanytska, Liudmyla"]
[Black "Mirzoev, Emil"]
[Result "0-1"]
[WhiteElo "1489"]
[BlackElo "2405"]
[Annotator "TA"]
[PlyCount "52"]
[EventDate "2018.??.??"]
[EventType "swiss"]
[EventCountry "UKR"]
[SourceTitle "playchess.com"]
[Source "ChessBase"]
[SourceQuality "1"]

{[%evp 9,51,6,47,7,0,-50,-39,-58,-59,-59,-64,-347,-339,-334,-319,-388,-362,-561,-554,-563,-568,-553,-541,-976,-422,-404,-415,-500,-408,-418,-429,-576,-531,-1071,-485,-917,-406,-770,-314,-550,-556,-29979,-29980,-29999]} 1. e4 c5 2. Nf3 e6 3. d4 cxd4 4. Nxd4 Nc6 5. a3 Qb6 (5... Qc7 6. Nc3 a6 7. Be2 b5 8. O-O Bb7 9. Be3 Rc8 10. Nxc6 Qxc6 11. Qd3 Nf6 12. Rad1 d6 13. Bg5 Nxe4 14. Bf3 f5 15. Bxe4 fxe4 16. Qh3 d5 17. Ne2 {0-1 (34) Gallart Zafra,J (2261)-Oliva Castaneda,K (2427) Montcada 2014}) 6. c3 $146 {B44: Sicilian: Taimanov: 5 Nb5} ({Find the theoretical novelty and annotate with similar games:} 6. Nb3 Nf6 7. Be3 Qc7 8. Nc3 a6 9. Be2 b5 10. O-O Be7 11. f4 d6 12. Qd2 Bb7 13. Rad1 O-O 14. g4 Rfd8 15. g5 Nd7 16. Bxb5 axb5 17. Nxb5 Qc8 18. Nxd6 Ba6 19. Rfe1 Nde5 20. fxe5 Nxe5 21. Qf2 Bxd6 22. h3 Nc4 23. Bc1 Rf8 24. Qd4 Bc5 {1-0 (24) Mahe,R (2022)-Arnaudov,P (2311) Rennes 2008}) 6... Nf6 7. Qd3 Bc5 {[%cal Rc6d4]} 8. Be2 {Black is slightly better.} Nxd4 9. cxd4 Bxd4 10. Qc2 $2 {[%mdl 8192]} (10. O-O $15) 10... Bxf2+ $19 11. Kf1 O-O ({Inferior is} 11... Bh4 12. g3 $11) 12. Bf4 d5 13. exd5 (13. Bc7 $142 Qe3 14. Nc3) 13... Nxd5 14. Bd2 Bd7 15. Nc3 Rac8 16. Nxd5 Rxc2 (16... exd5 $142 17. Qd1 Rfe8) 17. Nxb6 Bxb6 18. Bb4 Rfc8 19. Bc3 Bc6 20. Re1 Bd5 21. h3 {[#]} f6 (21... Rc4 $142 $1 22. Rd1 (22. Bxc4 Bxg2#) 22... Rf4+ 23. Ke1 Bxg2) 22. h4 {[#]} (22. Ra1 $142) 22... Kf7 (22... Rc4 $142 $1 23. Rh3 (23. Bxc4 Bxg2#) 23... Rf4+ 24. Rf3 Rxh4) 23. h5 {[#]} (23. Rd1 $142) 23... Bc4 (23... Rc4 $142 $1 {( -> ...Rf4+)} 24. Rd1 (24. Bxc4 Bxg2#) 24... Rf4+ 25. Ke1 Bf2+ 26. Kf1 Bg3+ 27. Kg1 Rxe2 28. Rxd5 exd5) 24. Bxc4 $2 (24. Rh3) 24... Rxc4 {[%cal Rc4f4]} 25. Rd1 Rf2+ 26. Ke1 Re4# {Precision: White = 18%, Black = 38%.} 0-1

[Event "5th Nebesna Sotnya Blitz 2018"]
[Site "Lutsk"]
[Date "2018.02.16"]
[Round "2"]
[White "Bernadskiy, Vitaliy"]
[Black "Gushpit, Iaroslav"]
[Result "1-0"]
[WhiteElo "2588"]
[BlackElo "2057"]
[Annotator "TA"]
[PlyCount "73"]
[EventDate "2018.??.??"]
[EventType "swiss"]
[EventCountry "UKR"]
[SourceTitle "playchess.com"]
[Source "ChessBase"]
[SourceQuality "1"]

{[%evp 12,73,0,-12,11,16,2,0,1,0,25,14,35,0,24,31,25,22,39,-16,-22,-35,24,18,24,24,24,24,42,24,54,55,61,38,40,36,51,57,99,104,198,204,210,180,327,327,391,352,347,310,312,232,420,445,485,441,455,448,620,611,552,417,1535,1345]} 1. e4 e6 2. d3 d5 3. Nd2 c5 4. Ngf3 Nc6 5. g3 g6 6. Bg2 {B40: Sicilian: 2...e6, Unusual lines} Bg7 7. h4 {LiveBook: 8 Games} (7. O-O Nge7 8. Re1 O-O 9. c3 b5 10. e5 b4 11. Nb3 c4 12. dxc4 dxc4 13. Nbd4 Rb8 14. Bg5 Qc7 15. Nxc6 Nxc6 16. Bf6 bxc3 17. bxc3 Bb7 18. Ng5 {½-½ (32) Aronian,L (2797)-Nakamura,H (2767) Saint Louis 2014}) 7... h5 8. O-O {The position is equal.} Nge7 9. Re1 b6 10. e5 $146 ({Predecessor:} 10. c3 a5 11. a4 Ba6 12. exd5 Nxd5 13. Nc4 O-O {½-½ (25) Van Mil,J (2372)-Wemmers,X (2410) Belgium 2006}) 10... Bb7 11. c3 Qc7 {[%cal Rc6e5]} 12. Qe2 a5 13. Nf1 Nf5 14. Bf4 a4 15. N1h2 ({Better is} 15. Ne3 $14) 15... a3 16. b3 d4 (16... b5 $15) 17. c4 $11 Nb4 18. Ng5 Bxg2 19. Kxg2 Qc6+ 20. Ne4 O-O-O 21. Nf3 Kb7 22. Nfg5 Rd7 23. Rec1 Ra8 24. Bd2 Bh6 25. Bxb4 Bxg5 (25... cxb4 $16 {might work better.} 26. Qd2 Bf8) 26. hxg5 $18 cxb4 {[#]} 27. Qd2 $1 h4 (27... Ra5 $142) 28. g4 ({Weaker is} 28. Qxb4 hxg3 29. fxg3 Rdd8 $16) 28... h3+ 29. Kh2 Nh4 30. Kg3 Rh8 31. Rh1 ({Less strong is} 31. Qxb4 Nf5+ 32. gxf5 exf5 $16) 31... Qc7 $2 (31... Nf5+ 32. gxf5 exf5) 32. f4 Ng2 33. Qxb4 Ne3 34. Rac1 Kc8 35. c5 {[%cal Bc4c5,Bc5c6][%mdl 32]} Nd5 36. Qxa3 {[#] Hoping for cxb6.} Kb7 (36... Kb8 $142 37. Qa4 Nc3) 37. c6+ {Precision: White = 63%, Black = 22%.} 1-0

[Event "5th Nebesna Sotnya Blitz 2018"]
[Site "Lutsk"]
[Date "2018.02.16"]
[Round "2"]
[White "Simantsev, Mikhail"]
[Black "Ivanishen, Yuriy"]
[Result "1-0"]
[WhiteElo "2486"]
[BlackElo "2033"]
[Annotator "TA"]
[PlyCount "85"]
[EventDate "2018.??.??"]
[EventType "swiss"]
[EventCountry "UKR"]
[SourceTitle "playchess.com"]
[Source "ChessBase"]
[SourceQuality "1"]

{[%evp 16,85,27,37,62,65,65,64,75,56,75,53,53,58,71,75,73,76,77,74,78,74,97,83,89,84,114,114,115,116,116,116,139,128,132,112,166,161,219,203,240,223,230,235,222,214,236,240,429,413,419,417,402,393,445,434,765,793,658,416,533,470,504,287,5193,2541,2292,2184,29995,29996,29996,29997]} 1. d4 Nf6 2. c4 g6 3. Nc3 Bg7 4. e4 d6 5. Nf3 O-O 6. h3 e5 7. d5 a5 8. g4 Nbd7 {E90: Königsindisch (Klassisches System)} (8... Na6 9. Be3 Nc5 10. Nd2 c6 11. Be2 a4 12. Qc2 Bd7 13. a3 cxd5 14. exd5 Rc8 15. f3 e4 16. fxe4 Qe7 17. O-O h5 18. g5 Nh7 19. h4 f6 20. Nf3 {½-½ (68) Anton Guijarro,D (2666)-Demchenko,A (2660) Riadh 2017}) 9. Be3 {LiveBook: 21 Partien} Qe7 10. Be2 Nc5 {Weiß steht etwas besser.} 11. Nd2 Ne8 {[%cal Bf6e8,Be8d6,Bd6f7][%mdl 32]} 12. h4 $146 {[%cal Bh3h4,Bh4h5][%mdl 32]} ({Vorgänger:} 12. Nb3 b6 13. h4 f5 14. gxf5 gxf5 15. exf5 Bxf5 16. Nxc5 dxc5 17. Qd2 {1-0 (46) Bayarmaa,B (2077)-Uuriintuya,U (1804) Govi Altai 2014}) 12... f5 13. gxf5 gxf5 14. h5 f4 15. Bxc5 $1 dxc5 16. Bg4 {[#] Und weiter mit Lxc8 wäre nett.} Nd6 17. Bxc8 Raxc8 18. Qf3 Nf7 19. O-O-O Kh8 20. Rdg1 Ng5 21. Qg4 Bh6 22. Nf3 Nxf3 23. Qxf3 Qd7 24. Kc2 Rg8 25. a3 b6 {[#]} (25... Bg5 $16 {ist eine bessere Verteidigung.}) 26. Nb5 $1 $18 Rxg1 (26... Rcf8 {war angesagt.} 27. Na7 Qf7) 27. Rxg1 Rg8 28. Rxg8+ Kxg8 29. Qg2+ Kf7 30. f3 Bg7 31. Qg5 c6 $2 (31... a4 {war nötig.} 32. h6 Bf6 33. Qh5+ Kf8) 32. dxc6 Qxc6 33. Qf5+ Kg8 34. Nc3 Qe8 35. Nd5 Qa4+ (35... Kh8 $142 36. Nxb6 h6) 36. Kc3 {jetzt Se7+ und aus.} Qe8 37. Nxb6 h6 38. Nd5 Qd8 39. b3 {[%cal Bb2b3,Bb3a4][%mdl 32]} a4 $2 (39... Kh8 40. Qg6 Qh4) 40. bxa4 Qa5+ 41. Kb3 {Droht Matt per Se7+.} Qd2 42. Ne7+ Kh8 43. Qc8+ {Precision: Weiß = 89%, Schwarz = 30%.} 1-0

[Event "5th Nebesna Sotnya Blitz 2018"]
[Site "Lutsk"]
[Date "2018.02.16"]
[Round "2"]
[White "Bortnyk, Mykola"]
[Black "Lymar, Vladislav"]
[Result "1-0"]
[WhiteElo "2432"]
[BlackElo "1986"]
[Annotator "TA"]
[PlyCount "41"]
[EventDate "2018.??.??"]
[EventType "swiss"]
[EventCountry "UKR"]
[SourceTitle "playchess.com"]
[Source "ChessBase"]
[SourceQuality "1"]

{[%evp 9,41,57,62,62,74,74,122,93,87,78,85,84,81,88,94,89,87,92,97,93,111,111,225,217,302,295,1037,1027,1262,1247,29991,29992,29993,2347]} 1. e4 c5 2. c3 d6 3. d4 Qc7 4. Nf3 Bg4 5. dxc5 (5. Nbd2 Nf6 6. h3 Bh5 7. Bb5+ Nbd7 8. e5 dxe5 9. dxe5 a6 10. Ba4 Nd5 11. e6 fxe6 12. O-O {0-1 (40) Howell,D (2644)-Artemiev,V (2653) Doha 2016}) 5... dxc5 6. h3 $146 {B22: Sicilian: 2 c3} ({Predecessor:} 6. Be3 e6 7. Nbd2 Nc6 8. Bb5 a6 9. Qa4 Bxf3 10. Bxc6+ Qxc6 11. Qxc6+ bxc6 12. gxf3 Nf6 13. O-O-O O-O-O 14. Nc4 Nd7 15. Rd2 Be7 16. Rhd1 Rhf8 17. Rxd7 {1-0 (17) Dumjahn,C-Dangelowski,P Pinneberg 1998}) 6... Bxf3 7. Qxf3 e6 8. Na3 {[#] Strongly threatening Bf4.White is better.} Nc6 9. Bf4 {[%cal Bc1f4,Bf4g3,Bg3h4][%mdl 32]} e5 10. Bg3 Nf6 11. Bb5 $36 {[%mdl 2048] White is on the roll.} Bd6 12. Nc4 O-O 13. Rd1 Rad8 14. O-O Rfe8 15. Bh4 Re6 {[#]} (15... Be7 $16) 16. Ne3 $1 $18 a6 17. Bc4 Ree8 $2 (17... Rf8 18. Bxe6 fxe6) 18. Bxf6 gxf6 19. Nd5 Qc8 20. Nxf6+ Kh8 21. Nxe8 {Precision: White = 85%, Black = 14%.} (21. Qh5 $142 Qxh3 22. Qxh3 Kg7 23. Qxh7+ Kxf6 24. Qxf7+ Kg5 25. Qg7+ Kh5 26. Bf7+ Kh4 27. Qg3#) 1-0